Teamsters Union Presidents Quiz Stats

 Plays Quiz not verified by Sporcle

Also try: 'O' Game
Challenge
Share
Tweet
Embed
Score 0/10 Timer 06:00
0 Plays Today
Years President % Correct
1958-1971Jimmy Hoffa
100%
1999-PresentJimmy P. Hoffa
100%
1991-1998Ron Carey
28.6%
1907-1952Daniel J. Tobin
14.3%
1982-1984Roy Williams
14.3%
1984-1988Jackie Presser
14.3%
1989-1991William J. McCarthy
14.3%
1902-1906Cornelius Shea
0%
1953-1957Dave Beck
0%
1972-1981Frank Fitzsimmons
0%

You're not logged in!

Compare scores with friends on all Sporcle quizzes.
Join for Free
OR
Log In

You Might Also Like...

Show Comments

Extras

Created Jan 22, 2013SourceReportNominate
Tags:union

Top Quizzes Today


Score Distribution

Your Account Isn't Verified!

In order to create a playlist on Sporcle, you need to verify the email address you used during registration. Go to your Sporcle Settings to finish the process.

Report this User

Report this user for behavior that violates our Community Guidelines.

Details: